000 00274nam a2200121Ia 4500
008 190216s9999||||xx |||||||||||||| ||und||
100 _aJesse W Markham
245 0 _aAmerican Economy
260 _bOxford & I B H
_c1966
300 _a260p
650 _aEconomics
942 _cBK
999 _c9242
_d9242